| 000 | 01276cam a2200301 a 4500 | ||
|---|---|---|---|
| 001 | 000014462 | ||
| 005 | 20200929163844.0 | ||
| 008 | 030717s2003 ck b 001 0 spa d | ||
| 020 | _a9586440826 | ||
| 035 | _a(DLC)13306327 | ||
| 040 |
_aDO-SdBNP _cBID _dUPB _dDLC |
||
| 042 | _alccopycat | ||
| 043 | _as-ck--- | ||
| 082 |
_a306.446 _bB737m |
||
| 100 | 1 |
_aBorrero García, Camilo. _932655 |
|
| 245 | 1 | 0 |
_aMulticulturalismo y derechos indígenas / _cCamilo Borrero García. |
| 260 |
_aBogotá : _bDeutsches Gesellschaft fur Technische Zusammenarbeit, Centro de Investigación y Educación Popular, _c2003. |
||
| 300 |
_a252 p. ; _c24 cm. |
||
| 500 | _aFebrero 2003. | ||
| 504 | _aIncluye referencias bibliográficas (p. 251-252). | ||
| 505 | 0 | _aCapítulo I. En pos del multiculturalismo -- Capítulo II. La movilización social indígena -- Capítulo III. Las protecciones externas en la jurisdicción constitucional -- Capítulo IV. De las restricciones internas. | |
| 650 | 4 |
_aMulticulturalismo _932656 |
|
| 650 | 4 |
_aIndígenas de américa del sur _xSituación legal _zColombia _932657 |
|
| 650 | 4 |
_aDerecho civil _93574 |
|
| 710 | 1 |
_aCentro de Investigación y Educación Popular. _932658 |
|
| 910 | _aCatalogación por copia / LC | ||
| 999 |
_a1 _n0000232 _c14051 _d14051 |
||
| 049 | _aBNGR | ||